00597nam a2200205 a 4500001001300000003000900013005001700022008004100039020002300080082001600103100002500119245007700144260003800221300000900259500003500268505002200303650001200325650002900337700002500366nice12345678IN_TiNIC20260116012305.0050524s1992 dela grp 000 0 eng  a8120207 c49500a306.69bENG aEngineer, Asghar Ali aPolitics of Confrontationb the Babri Masjid Ram Janambhoomi Controversy aDelhibAjanta Publications c1992 a477p aincludes index and biblioraphy2 aGlossaries, Index aAyodhya aIslam-Relations Hinduism1 aEngineer, Asghar Ali